Compositeurs de l'époque romantique - Statistiques

Statistiques générales
  • Ce quiz a été pris 149 fois
  • Le résultat moyen est 6 sur 15
Answers on the Grid
Answers color-coded by a green-red scale on the quiz's grid according to % correct below.
Gounod
Offenbach
Verdi
Brahms
Borodine
Poulenc
Britten
Rouget de Lisle
Salieri
Czerny
Albéniz
J.S. Bach
Bartók
L.W. Beethoven
Berlioz
Chopin
Debussy
Janáček
Liszt
Mendelssohn
W.A Mozart
Rameau
Ravel
Reger
Rousseau
Haydn
Schubert
Schumann
Stravinski
Wagner
 
Statistiques - réponses
Réponse % Correct
Brahms
69%
Chopin
62%
Liszt
55%
Berlioz
54%
Verdi
54%
Schubert
50%
Schumann
49%
Mendelssohn
47%
Offenbach
42%
Wagner
42%
Empiétant sur la période classique et la période romantique, on considère L.W. Beethoven comme un Pré-romantique L.W. Beethoven
41%
Gounod
37%
Borodine
17%
Albéniz
12%
Janáček
6%
Aucun quiz correspondant
Distribution des résultats
% des personnes avec chaque résultat
Percentile par nombre de réponses
Votre historique - résultats
Vous n’avez pas pris ce quiz